Normal view
MARC view
- Dudgikar S
Entry Personal Name
001 - CONTROL NUMBER
- control field: 182048
003 - CONTROL NUMBER IDENTIFIER
- control field: OSt
005 - DATE AND TIME OF LATEST TRANSACTION
- control field: 20230605084917.0
008 - FIXED-LENGTH DATA ELEMENTS
- fixed length control field: 230605|| aca||aabn | a|a d
040 ## - CATALOGING SOURCE
- Original cataloging agency: OSt
- Transcribing agency: OSt
100 ## - HEADING--PERSONAL NAME
- Personal name: Dudgikar S
670 ## - SOURCE DATA FOUND
- Source citation: Work cat.: (OSt)160096: Dudgikar S., Landscape Master Plan Proposal For An Urban Park : At Taljai Pune, 2009